000 00629nam a22001577a 4500
003 OSt
005 20160208145954.0
008 160208b xxu||||| |||| 00| 0 eng d
040 _cRUA
082 _aMGR KHU 2004 B376 Or.1
100 _96973
_aKHUN BUNHENG ឃុន​ ប៊ុនហេង
245 _aFeasibility study for the management of preah vihea protected forest, ការសិក្សាអំពីលទ្ធភាពនៃការគ្រប់គ្រងព្រៃការពារព្រះវិហារ
260 _aPhnom Penh
_bRUA
_c2004
300 _aix ; 62p.
_bill.
_c29cm.
942 _2ddc
_cNRM
999 _c6563
_d6563